| 000 | 01195nam a2200229Ia 4500 | ||
|---|---|---|---|
| 001 | 15749 | ||
| 003 | GE_BSU | ||
| 008 | 181216s||||||||xx |||||||||||||| ||und|| | ||
| 020 | _aISBN 978-9941-9404-2-2 | ||
| 040 | _cGE_BSU | ||
| 080 | _a75(479.22) | ||
| 100 | _aჩიბურდანიძე,რატი | ||
| 245 | _aსამოცდაათიანელთა ფერწერა: ძირითადი ტენდენციები = Painting in the Seventies : the main tendencies | ||
| 245 | _cრედ.: ანა კლდიაშვილი, მაია ჭიჭილეიშვილი ; დიზაინი ლუკა ბესელია | ||
| 260 | _aბათუმი. | ||
| 260 | _bგამ-ბა "უნივერსალი | ||
| 260 | _c2015 | ||
| 300 | _a192 გვ. : ილ. ; 20 სმ. | ||
| 300 | _bგარეკანზე: ვახტანგ ბესელია, კუბები. - თავფურ. ქართ. და ინგლ.. - რეზ. ინგლ.. - ბიბლიოგრ.: გვ. 163-170. | ||
| 653 | _aსამოცდაათიანელთა ფერწერა | ||
| 942 | _cBK | ||
| 999 |
_c48847 _d48847 |
||